LEADER 01374nam a2200337 u 4500 001 000000031823 003 CaOOAMICUS 005 20070226112201.0 008 971008s1992 it u000 u ita u 020 $a8837214545 035 $a10772003 040 $aPUL(R)$bita 041 1 $aita$hger 100 1 $aSchnider, Franz,$d1937-$0(OLS)http://pul/name/12010 240 10$aJacobusbrief.$pItaliano.$0(OLS)http://pul/title/43796 245 13$aLa lettera di Giacomo /$ctradotta e commentata da Franz Schnider. 260 $aBrescia :$bMorcelliana,$cc1992. 300 $a248 p. ;$c23 cm 490 1 $aIl Nuovo Testamento commentato 500 $aIndici : p. [219]-248. 504 $a"Bibliografia" : p. [213]-218. 630 04$aBiblia.$pN.T.$pIacobi epistola$xCommenti.$0(OLS)http://pul/subject/37540 730 0 $aBiblia.$pN.T.$pIacobi epistola.$lItaliano.$0(OLS)http://pul/title/158628 830 3$aIl Nuovo Testamento commentato.$0(OLS)http://pul/title/43471 850 $aPUL 852 $aPUL$W1$xSL Religione 1$y3$m10 F 39$j43887$nBK-PRI$b $qStampati$B43887$CPULBib$Z2$F43887 $H $81 941 1 $a8 961 $aINV: 68636. 996 $6020$a8837214545$9(OLS)http://pul/number/39967 996 $6245$aLa lettera di Giacomo$9(OLS)http://pul/title/43713 996 $6260$aBrescia :$bMorcelliana$9(OLS)http://pul/publisher/47854 LEADER 02004nam a2200409 a 4500 001 000000137536 003 CaOOAMICUS 005 20160215131226.0 008 140226m20139999it u000 u ita r 020 $a978-88-10-21134-2 020 $a978-88-10-21137-3 (v. 2) 020 $a978-88-10-21138-0 (v. 3)* 032 $aLibriCat 040 $aPUL$bita 082 04$a226.6 100 1 $aFausti, Silvano,$cS.I.$0(OLS)http://pul/name/16851 245 10$aAtti degli Apostoli /$cSilvano Fausti ; con la collaborazione di Guido Bertagna. 260 $aBologna :$bEDB,$cİ2013- 300 $av. ;$c25 cm 490 1 $aLettura pastorale della Bibbia 505 1 $aV. 1. Capitoli 1-9. -- v. 2. Capitoli 10-18. -- v. 3. Capitoli 19-28 / con la collaborazione di Giuseppe Trotta. 630 04$aBiblia.$pN.T.$pActus apostolorum$xCommenti.$0(OLS)http://pul/subject/10480 700 1 $aBertagna, Guido.$0(OLS)http://pul/name/88652 700 1 $aTrotta, Giuseppe.$0(OLS)http://pul/name/25276 830 0$aLettura pastorale della Bibbia.$0(OLS)http://pul/title/27141 850 $aPUL 852 $aPUL$W1$xSL Religione 3$y85$m226. 6 FAUSI 1.2$j162517$av. 2$qDDC 21$B162100$CPULBib$Z2$F162100 $H125038 $82 852 $aPUL$W1$xSL Religione 3$y85$m226. 6 FAUSI 1$j158551$qDDC 21$q$av. 1$B158065$CPULBib$Z2$F158065 $H123532 $81 852 $aPUL$W1$xSL Religione 3$y85$m226. 6 FAUSI 1.3$j172030$bv. 3$qDDC 21$B173648$CPULBib$Z2$F173648 $H127133 $81 941 1 $a9 996 $6020$a978-88-10-21134-2$9(OLS)http://pul/number/154628 996 $6020$a978-88-10-21137-3 (v. 2)$9(OLS)http://pul/number/156415 996 $6020$a978-88-10-21138-0 (v. 3)*$9(OLS)http://pul/number/159678 996 $6082$a226.6$9(OLS)http://pul/classification/437 996 $6245$aAtti degli Apostoli$9(OLS)http://pul/title/32648 996 $6260$aBologna :$bEDB$9(OLS)http://pul/publisher/56073